00721nam a22002177a 450000500170000001000150001702000260003203500130005803700130007108200080008410000170009224500400010925000170014926000400016627000790020630000390028550000190032494200220034399900170036595201210038220140424163110.0 aENG-109606 c150.00a9788189941178 aEN-93139 bDBAD/PUB a575 aArumugam, N. aOrganic evolution /cby N. Arumugam a10th rev. ed bSaras Publicationc2013a Nagercoil b Nagercoile629002a114/35G, A. R. P. Camp Road, Periavilai, Kottar P. O., axv,491p. :c22cm(pbk) bill. aIncludes index 2ddccENmARUh575 c83145d83145 001040718NFICaDBADbDBADd2014-03-24eDBAD/PUBg150.00l0o575 ARUpEN-93139r2014-03-24 00:00:00t1v150.00yEN